[Event "Saint Louis Invitational-A 2019"]
[Site "Saint Louis"]
[Date "2019.11.21"]
[Round "1.1"]
[White "Mishra, Abhimanyu"]
[Black "Matsenko, Sergei"]
[Result "0-1"]
[WhiteElo "2396"]
[BlackElo "2533"]
[Annotator "TA"]
[PlyCount "120"]
[EventDate "2019.11.21"]
[EventType "tourn"]
[EventCountry "USA"]
[SourceTitle "playchess.com"]
[Source "ChessBase"]
[SourceQuality "1"]

{[%evp 9,120,17,34,-66,-17,-78,0,-81,-83,-98,-80,-84,-80,-65,-62,-92,-106,-199,-172,-219,-158,-187,-133,-136,-142,-139,-134,-158,-122,-124,-110,-122,-125,-125,-97,-123,-110,-171,-179,-167,-159,-149,-87,-116,-109,-117,-97,-136,-141,-147,-108,-154,-151,-295,-315,-294,-182,-289,-295,-294,-288,-382,-383,-406,-414,-422,-408,-424,-399,-504,-425,-407,-402,-563,-552,-937,-864,-960,-864,-1860,-1835,-1396,-1269,-1050,-1043,-2470,-2048,-1789,-1652,-7799,-4734,-29968,-29969,-29964,-29965,-29965,-29965,-12842,-10079,-29972,-29973,-29981,-29976,-29976,-29977,-29976,-29977,-29988,-29989,-29992,-29993,-29993,-640]} 1. e4 e6 2. d4 d5 3. Nc3 Be7 4. e5 c5 5. Qg4 g5 6. Be3 $146 {C10: French with 3 Nc3: Unusual Black 3rd moves and 3...dxe4} (6. dxc5 $14 Nc6 7. Nh3) ({Predecessor:} 6. dxc5 h5 7. Qg3 Nc6 8. Bb5 Nh6 9. Nge2 Nf5 10. Qd3 Bxc5 11. Ng3 a6 12. Bxc6+ bxc6 13. Nxf5 exf5 {0-1 (40) Christiansen,J (2495)-Short,N (2678) Riadh 2017}) 6... h5 7. Qf3 (7. Qe2 $1 $11) 7... Nc6 (7... cxd4 $17 8. Bxd4 Nc6) 8. Bb5 (8. dxc5 $11 {keeps the balance.} Nxe5 9. Bb5+ Kf8 10. Qe2) 8... cxd4 $17 9. Bxd4 a6 (9... g4 {is more complex.} 10. Qe3 Nh6 11. h3 Nf5 12. Qd2 Rg8) 10. Bxc6+ bxc6 11. Qe3 Nh6 {Hoping for ...Nf5.} 12. Bb6 {[#]} Qd7 $1 13. Nce2 (13. Na4 $17) 13... Qb7 $19 14. Qb3 c5 15. Ba5 Nf5 (15... d4 $19 16. Kf1 Nf5) 16. Qxb7 $17 Bxb7 17. Nf3 d4 18. O-O-O g4 19. Ne1 Nh4 20. Rg1 Rc8 21. Kb1 Be4 22. Ka1 Ng6 23. c3 (23. f4 $17) 23... Nxe5 $19 {[#] Strongly threatening ...Nc4.} 24. cxd4 cxd4 25. Nxd4 Nc6 (25... O-O $142 26. Bc3 Rfd8) 26. Nxc6 $17 Rxc6 27. f3 Bd5 28. Bc3 Rg8 29. Nd3 Rc4 30. f4 g3 31. hxg3 (31. h3 $17) 31... Rxg3 $19 32. f5 Rxg2 33. Rxg2 (33. fxe6 $142 fxe6 34. Ne5) 33... Bxg2 34. fxe6 fxe6 35. Ne5 Re4 36. Rg1 Re2 37. Nd3 {If only White now had time for Nf4....} Bd6 {Threatens to win with ...h4.} 38. Bf6 Bg3 39. Nc1 Re1 40. Rxe1 Bxe1 {[%mdl 4096] Endgame KBB-KBN} 41. Nd3 (41. Ne2 $142) 41... Bg3 42. Nc5 Kf7 43. Bd4 h4 44. Nxa6 h3 {( -> ...h2)} 45. Bg1 h2 46. Bxh2 Bxh2 47. Nc5 Bd6 48. Nb3 Bd5 49. Nd4 e5 50. Nb5 Ke6 51. Kb1 Bc6 52. Nc3 e4 53. Kc2 Ke5 54. a3 Kf4 {Black mates.} 55. Kd2 Be5 56. Nd1 Ba4 57. Ne3 Bxb2 58. Nd5+ Kf3 59. Ke1 Bb3 60. Nb4 Bc3+ {Accuracy: White = 30%, Black = 70%.} 0-1

[Event "Saint Louis Invitational-A 2019"]
[Site "Saint Louis"]
[Date "2019.11.21"]
[Round "1.2"]
[White "Yoo, Christopher Woojin"]
[Black "Hilby, Craig"]
[Result "0-1"]
[WhiteElo "2449"]
[BlackElo "2414"]
[Annotator "TA"]
[PlyCount "46"]
[EventDate "2019.11.21"]
[EventType "tourn"]
[EventCountry "USA"]
[SourceTitle "playchess.com"]
[Source "ChessBase"]
[SourceQuality "1"]

{[%evp 9,46,81,106,36,45,15,40,20,31,-36,-35,-40,-54,-122,-137,-121,-118,-261,-120,-1120,-1136,-1142,-1149,-1129,-1091,-1741,-1731,-1727,-1707,-29992,-29983,-29983,-29984,-29984,-29985,-29985,-2150,-29986,-2162]} 1. e4 c5 2. d4 g6 3. dxc5 Bg7 4. c3 Qc7 5. Be3 Na6 6. Na3 {B06: Modern Defence} ({Better is} 6. Bxa6 $1 $16 bxa6 7. Ne2) 6... Nxc5 $14 7. Nb5 Qc6 8. Qd5 {White is slightly better.} Ne6 $1 9. Nxa7 (9. f3 $14) 9... Bxc3+ $1 $15 {[%mdl 64] Double Attack} 10. Ke2 $146 ({Predecessor:} 10. Kd1 Bxb2 11. Nxc6 bxc6 12. Qb3 Bxa1 {0-1 (55) Yap,A-Sunye Neto,J (2510) Cienfuegos 1985}) 10... Qa4 {White must now prevent ...Nd4+.} ({Much worse is} 10... Qxd5 11. exd5 Nd4+ 12. Kd3 $16) 11. Nxc8 (11. bxc3 $15 Rxa7 12. f3) 11... Qc2+ $1 $17 12. Kf3 Bxb2 13. Nb6 (13. Bd3 $17 {keeps fighting.} Qxc8 14. Rb1) 13... Nf6 (13... Ra3 $1 $19 {is more deadly.} 14. Nc4 (14. Qxd7+ $2 Kf8 $19) 14... Nd4+ 15. Qxd4 (15. Kg3 $2 Nf6 $19) 15... Bxd4 16. Nxa3 Qb2 {[%mdl 64] Double Attack}) 14. Qd3 $2 {[%mdl 8192] [#]} (14. Bd3 $17 Nxd5 15. Bxc2 Nxb6 16. Rb1) 14... Nd4+ $1 $19 {[%mdl 512]} 15. Kg3 (15. Bxd4 Ra3) 15... Nxe4+ 16. Kh3 {[#]} Ra5 $1 {[%mdl 512] ( -> ...Rh5+)} 17. g4 Nxf2+ 18. Bxf2 Qxf2 19. Nc4 Ne6 {[%cal Re6g5]} 20. Qg3 Nf4+ 21. Qxf4 Qxf4 22. Nxb2 Ra3+ (22... h5 $142 23. Be2 hxg4+ 24. Kg2 Qe4+ 25. Kf1 Qxh1 26. Rc1 Rf5+ 27. Ke1 Qxg1+ 28. Kd2 Rd5+ 29. Kc2 Rc5+ 30. Nc4 Qxh2 31. Kb3 Qxe2 32. Rc2 Rh3+ 33. Kb4 Rxc4+ $1 {[%mdl 576] Deflection} 34. Rxc4 Qb2+ 35. Ka5 Rh5+ 36. Rc5 Rxc5+ 37. Ka4 g3 38. a3 Qb5#) 23. Nd3 h5 {Accuracy: White = 14%, Black = 60%.} (23... f5 $142 24. Kg2 Qxg4+ 25. Kf2 Qd4+ {[%mdl 64] Double Attack} 26. Kg2 Qxa1 27. Be2 Rxa2 28. Nf2 Qe1 29. Kg3 {[#]} f4+ $1 {[%mdl 512]} 30. Kf3 Qd2 $1 {[%mdl 512]} 31. Ng4 Qd5+ 32. Kf2 Qxh1 33. h3 h5 34. Ne3 Qh2+ 35. Kf3 Qg3+ 36. Ke4 Qxe3+ {[%mdl 64] Double Attack} 37. Kd5 Ra4 38. Bc4 Qe6+ 39. Kd4 Qxc4+ 40. Ke5 Qe6#) 0-1

[Event "Saint Louis Invitational-A 2019"]
[Site "Saint Louis"]
[Date "2019.11.21"]
[Round "1.3"]
[White "Thavandiran, Shiyam"]
[Black "Abrahamyan, Tatev"]
[Result "1-0"]
[WhiteElo "2409"]
[BlackElo "2397"]
[Annotator "TA"]
[PlyCount "75"]
[EventDate "2019.11.21"]
[EventType "tourn"]
[EventCountry "USA"]
[SourceTitle "playchess.com"]
[Source "ChessBase"]
[SourceQuality "1"]

{[%evp 19,75,0,8,0,0,6,13,10,4,0,0,0,52,39,43,39,29,41,66,62,56,45,111,10,114,0,0,7,0,5,7,0,0,0,0,0,0,0,0,0,0,0,821,818,783,737,1071,1066,1027,1000,973,1008,12837,629,12796,6403,12837,12836]} 1. d4 e6 2. c4 Nf6 3. Nf3 d5 4. Nc3 dxc4 5. e3 a6 6. a4 c5 7. Bxc4 cxd4 8. exd4 Be7 9. O-O Nc6 10. Re1 O-O 11. Bb3 {D27: Queen's Gambit Accepted: Classical main line: 7 e4!? and 7 a4} (11. Bg5 Nb4 12. Qe2 Bd7 13. d5 Nbxd5 14. Nxd5 exd5 15. Qxe7 dxc4 16. Bxf6 gxf6 17. Qe4 Qc7 18. Qh4 Qc6 19. Nd2 Rfe8 20. Ne4 Re6 {1-0 (43) Bu,X (2722)-Wang,H (2795) Hengshui 2019}) 11... Nb4 12. Ne5 b6 $146 ({Predecessor:} 12... Bd7 13. Re3 Be8 14. Rg3 Kh8 15. Be3 Rc8 16. Rh3 Kg8 17. Qf3 Bc6 18. Qg3 Bd5 19. Nxd5 Nbxd5 {1-0 (35) Jankovic,A (2559)-Mazi,L (2383) Sarajevo 2010}) 13. Qf3 {The position is equal.} Ra7 14. Be3 Bb7 15. Qh3 Nbd5 (15... Bd5 $11 16. Nxd5 Nfxd5) 16. Bd2 Ra8 17. Rad1 Rc8 18. Bc2 b5 19. axb5 axb5 20. Bb1 b4 (20... g6 $14) 21. Nxd5 (21. Na4 $1 $16) 21... Bxd5 {[#]} (21... Qxd5 $11 22. b3 Rfd8) 22. Ng4 ({White should play} 22. Bh6 $1 $16) 22... g6 $11 23. Nxf6+ Bxf6 24. Bxb4 Re8 25. Bc3 Qb6 26. Be4 Red8 27. Qf3 Bg7 28. h4 h5 29. Ra1 {next Ba5 is good for White.} Bxe4 30. Rxe4 Bxd4 $2 {[%mdl 8192]} (30... Rd5 $11) 31. Rxd4 $18 {[%mdl 64] Remove Defender. White is clearly winning.} Rxd4 32. Qf6 Rcd8 {[#]} 33. Ra4 $3 {[%cal Ra4d4][%mdl 512]} Rd1+ (33... Rxa4 34. Qh8#) 34. Kh2 {[%csl Gc3][%cal Rf6h8]} Kf8 {[#]} 35. Rf4 $1 {[%csl Gf4][%cal Rf6f7][%mdl 512]} R8d7 36. Qxg6 (36. Qg7+ $142 Ke8 37. Qg8+ Ke7 38. Bb4+ Qd6 39. Qxf7+ Kd8 40. Qg8+ Kc7 41. Bxd6+ R7xd6 42. Ra4) 36... R1d4 37. Bxd4 Qxd4 38. Rxd4 {Accuracy: White = 62%, Black = 42%.} 1-0

[Event "Saint Louis Invitational-A 2019"]
[Site "Saint Louis"]
[Date "2019.11.21"]
[Round "1.4"]
[White "Stremavicius, Titas"]
[Black "Boros, Denes"]
[Result "1-0"]
[WhiteElo "2506"]
[BlackElo "2448"]
[Annotator "TA"]
[PlyCount "87"]
[EventDate "2019.11.21"]
[EventType "tourn"]
[EventCountry "USA"]
[SourceTitle "playchess.com"]
[Source "ChessBase"]
[SourceQuality "1"]

{[%evp 14,87,3,0,0,0,0,-2,0,-9,0,-4,0,-10,-10,-16,-7,-10,-4,-9,-3,-16,0,0,29,20,25,-12,-8,0,0,0,3,0,18,7,30,31,40,18,20,16,30,16,72,72,77,70,78,72,72,76,158,141,156,105,144,134,149,141,210,177,178,178,178,172,244,175,175,179,187,187,175,162,401,402]} 1. c4 c5 2. Nf3 e6 3. Nc3 d5 4. cxd5 exd5 5. d4 Nc6 6. e3 Nf6 7. Bb5 cxd4 8. exd4 Bd6 {B14: Caro-Kann: Panov-Botvinnik Attack with 5...e6 and 5...g6} 9. Qe2+ (9. O-O O-O 10. Bg5 Bg4 11. Be2 Be6 12. Re1 h6 13. Bh4 g5 14. Bg3 Bxg3 15. hxg3 Ne4 16. Bb5 Nxc3 17. bxc3 {1-0 (32) Anton Guijarro,D (2678)-Sethuraman,S (2630) Changsha 2019}) 9... Be6 10. Ng5 Qe7 {The position is equal.} 11. Nxe6 Qxe6 12. O-O O-O $146 ({Predecessor:} 12... Qxe2 13. Nxe2 O-O 14. Bg5 Ne4 15. Bh4 g5 16. Bg3 {0-1 (39) Kis Kos,L-Turoczi,P LSS email 2007}) 13. Bxc6 bxc6 14. Qd3 Rfe8 15. Bd2 Ne4 16. Rae1 Qf5 17. Re3 Qh5 {[%csl Gd6][%cal Rh5h2]} 18. g3 {[%cal Rc3e4]} f5 19. Nxe4 fxe4 20. Qe2 Qxe2 21. Rxe2 c5 22. dxc5 Bxc5 23. Rd1 Rab8 24. Bf4 Rb5 25. a4 Ra5 26. Bc7 Rxa4 {aiming for ...d4.} 27. Rxd5 Rc4 28. Be5 a5 (28... Kf7 $11 {keeps the balance.}) 29. b3 $1 $36 {[%cal Rb3c4][%mdl 2048] Keeping Black busy.} Rc1+ 30. Kg2 Bb6 31. Rxe4 {Rd7 is the strong threat.} Rc2 32. Rf4 Re2 (32... Rf8 $142) 33. Bc3 Rf8 34. Rd2 ({But not} 34. Bxa5 $6 Rxf4 35. gxf4 Rxf2+ 36. Kg3 Rb2 $11) ({White should try} 34. Rxf8+ Kxf8 35. Rd2 (35. Bxa5 Rxf2+ 36. Kh3 Bxa5 $14) 35... Rxd2 36. Bxd2) 34... Rfe8 35. Rd7 R8e7 {[#]} 36. Rd5 $1 Ra2 (36... Rf7 $16 {might work better.}) 37. Rdf5 {[%csl Gf4][%cal Rf5f8]} h6 {[#]} 38. Rf8+ $1 Kh7 39. R8f7 Rae2 (39... Rxf7 {was called for.} 40. Rxf7 Kg8 41. Rxg7+ Kf8) 40. R4f5 Kg6 41. Rxe7 Rxe7 42. Rb5 Re6 43. h4 h5 $2 (43... Rc6 {was necessary.} 44. h5+ (44. Bxa5 Bxa5 45. Rxa5 Rb6 $18) 44... Kh7 45. Bxa5 Bxa5) 44. Rg5+ {Accuracy: White = 62%, Black = 40%.} 1-0

[Event "Saint Louis Invitational-A 2019"]
[Site "Saint Louis"]
[Date "2019.11.21"]
[Round "1.5"]
[White "Kevlishvili, Robby"]
[Black "Zierk, Steven"]
[Result "1/2-1/2"]
[WhiteElo "2475"]
[BlackElo "2512"]
[Annotator "TA"]
[PlyCount "120"]
[EventDate "2019.11.21"]
[EventType "tourn"]
[EventCountry "USA"]
[SourceTitle "playchess.com"]
[Source "ChessBase"]
[SourceQuality "1"]

{[%evp 15,120,4,10,20,13,0,9,10,12,0,39,35,37,37,45,50,63,58,67,64,75,72,75,79,65,57,59,64,54,64,60,50,53,51,65,54,53,56,77,61,53,53,57,55,48,36,46,48,35,38,46,31,31,31,33,13,27,14,27,28,35,23,22,23,23,20,25,21,24,27,23,23,22,22,25,25,48,17,25,18,18,18,18,18,18,18,18,18,26,26,27,0,0,0,0,0,0,-8,-8,-8,-8,-8,-8,-8,-8,-8,-8]} 1. e4 e6 2. d4 d5 3. Nd2 c5 4. Ngf3 cxd4 5. Nxd4 Nc6 6. Bb5 Bd7 7. Nxc6 bxc6 8. Bd3 Qc7 9. Qe2 {C07: French Tarrasch: 3...c5, 4 Ngf3 and 4 exd5 Qxd5} Ne7 10. Nf3 Ng6 11. O-O (11. e5 c5 12. c4 dxc4 13. Bxc4 Be7 14. h4 Bc6 15. h5 Nf8 16. h6 g6 {1-0 (33) Navara,D (2734)-Vitiugov,N (2727) Riga 2019}) 11... Be7 12. Re1 Rb8 13. c4 dxc4 14. Bxc4 c5 $146 ({Predecessor:} 14... O-O 15. e5 c5 16. Bg5 Bc6 17. Bxe7 Qxe7 {½-½ (25) Bertolucci,G-Barbafiera,L Italy 1986}) 15. b3 O-O 16. Bb2 Bc6 17. Bc3 Qf4 18. g3 Qg4 19. Nd2 Qxe2 20. Rxe2 Bd6 21. f4 Bc7 22. f5 Ne5 23. fxe6 Nxc4 24. exf7+ Rxf7 {[#] Strongly threatening ...Nxd2.} 25. Nxc4 Re8 26. Rae1 h5 27. Ba5 Be5 28. Nxe5 Rxe5 29. Bc3 Re6 30. Bd2 Rd7 31. Bf4 c4 32. bxc4 Rd4 33. c5 Rdxe4 34. Rxe4 Rxe4 $14 {[%mdl 4096] Endgame KRB-KRB} 35. Rd1 Rc4 36. Be3 Rc2 37. Rd6 Be4 38. a4 Rg2+ 39. Kf1 Rxh2 40. Bf2 {Threatening c6.} Rh1+ 41. Bg1 h4 42. gxh4 Rxh4 43. c6 Bf5 44. Bd4 Rh1+ 45. Kf2 Rc1 46. Rd7 Rxc6 47. Rxg7+ Kf8 48. Rxa7 Re6 49. a5 Bd3 50. Bb6 Ke8 51. Kf3 Re7 52. Ra8+ Kf7 {[#] ...Be4+ is the strong threat.} 53. Kf4 Re4+ {The position is equal.} 54. Kg3 Re8 55. Bd8 Ke6 56. a6 Kd7 57. a7 Be4 58. Rb8 Rxd8 59. Rxd8+ Kxd8 60. a8=Q+ Bxa8 {Accuracy: White = 70%, Black = 80%.} 1/2-1/2

[Event "Saint Louis Invitational-A 2019"]
[Site "Saint Louis"]
[Date "2019.11.22"]
[Round "2.1"]
[White "Matsenko, Sergei"]
[Black "Zierk, Steven"]
[Result "1/2-1/2"]
[WhiteElo "2533"]
[BlackElo "2512"]
[Annotator "ChessBase"]
[PlyCount "107"]
[EventDate "2019.11.21"]
[EventType "tourn"]
[EventCountry "USA"]
[SourceTitle "playchess.com"]
[Source "ChessBase"]
[SourceQuality "1"]
[TimeControl "5400+30"]

1. Nf3 {[%emt 0:00:00]} Nf6 {[%emt 0:03:05]} 2. c4 {[%emt 0:00:00]} b6 {[%emt 0:02:22]} 3. g3 {[%emt 0:00:00]} Bb7 {[%emt 0:00:04]} 4. Bg2 {[%emt 0:00:00]} c5 {[%emt 0:00:25]} 5. O-O {[%emt 0:00:11]} g6 {[%emt 0:00:05]} 6. d4 {[%emt 0:03:08]} Bg7 {[%emt 0:03:26]} 7. Nc3 {[%emt 0:01:18]} Ne4 {[%emt 0:02:25]} 8. Nxe4 {[%emt 0:07:57]} Bxe4 {[%emt 0:00:04]} 9. d5 {[%emt 0:00:14]} O-O {[%emt 0:07:57]} 10. Bh3 {[%emt 0:01:54]} Bxf3 {[%emt 0:03:34]} 11. exf3 {[%emt 0:00:41]} d6 {[%emt 0:01:08]} 12. f4 {[%emt 0:01:09]} a6 {[%emt 0:08:21]} 13. a4 {[%emt 0:01:02]} Nd7 {[%emt 0:01:40]} 14. Re1 {[%emt 0:00:27]} Re8 {[%emt 0:02:31]} 15. Ra3 {[%emt 0:05:34]} Rb8 {[%emt 0:04:23]} 16. Bf1 {[%emt 0:01:15]} Nf8 {[%emt 0:00:59]} 17. Rae3 {[%emt 0:02:12]} Bd4 {[%emt 0:03:30]} 18. Re4 {[%emt 0:01:48]} e5 {[%emt 0:01:49]} 19. dxe6 {[%emt 0:00:48]} Rxe6 {[%emt 0:03:55]} 20. b3 {[%emt 0:12:52]} Qf6 {[%emt 0:02:54]} 21. Qd3 {[%emt 0:07:03]} Rbe8 {[%emt 0:05:48]} 22. Bh3 {[%emt 0:00:47]} R6e7 {[%emt 0:00:47]} 23. Bd2 {[%emt 0:02:18]} a5 {[%emt 0:03:58]} 24. Bg4 {[%emt 0:11:44]} Ne6 {[%emt 0:02:43]} 25. h4 {[%emt 0:00:38]} Nc7 {[%emt 0:02:38]} 26. Rxe7 {[%emt 0:04:43]} Rxe7 {[%emt 0:00:02]} 27. Rxe7 {[%emt 0:00:07]} Qxe7 {[%emt 0:00:03]} 28. f5 {[%emt 0:00:02]} Ne8 {[%emt 0:03:19]} 29. fxg6 {[%emt 0:01:14]} hxg6 {[%emt 0:00:10]} 30. Bf3 {[%emt 0:01:19]} Nf6 {[%emt 0:01:09]} 31. Kg2 {[%emt 0:00:06]} Qe6 {[%emt 0:03:09]} 32. Bf4 {[%emt 0:03:40]} Kf8 {[%emt 0:08:18]} 33. Qe2 {[%emt 0:05:06]} Qxe2 {[%emt 0:02:06]} 34. Bxe2 {[%emt 0:00:02]} Ne8 {[%emt 0:00:25]} 35. g4 {[%emt 0:00:55]} Be5 {[%emt 0:00:28]} 36. Bd2 {[%emt 0:03:19]} Ng7 {[%emt 0:01:37]} 37. h5 {[%emt 0:06:08]} Ne6 {[%emt 0:03:11]} 38. Bd1 {[%emt 0:01:13]} Kg7 {[%emt 0:08:57]} 39. Kf3 {[%emt 0:05:26]} gxh5 {[%emt 0:01:09]} 40. gxh5 {[%emt 0:00:31]} f5 {[%emt 0:00:08]} 41. Be3 {[%emt 0:01:01]} Nd4+ {[%emt 0:01:03]} 42. Bxd4 {[%emt 0:00:30]} Bxd4 {[%emt 0:00:44]} 43. Kf4 {[%emt 0:00:29]} Kf6 {[%emt 0:00:15]} 44. Bc2 {[%emt 0:00:51]} Be5+ {[%emt 0:00:11]} 45. Kf3 {[%emt 0:00:12]} Kg5 {[%emt 0:00:24]} 46. h6 {[%emt 0:00:03]} Kxh6 {[%emt 0:00:23]} 47. Bxf5 {[%emt 0:00:04]} Bd4 {[%emt 0:00:08]} 48. Kg3 {[%emt 0:00:45]} Kg5 {[%emt 0:00:52]} 49. Be4 {[%emt 0:00:06]} Be5+ {[%emt 0:00:26]} 50. Kf3 {[%emt 0:00:03]} Bd4 {[%emt 0:00:14]} 51. Bc2 {[%emt 0:01:40]} Kh4 {[%emt 0:00:54]} 52. Bf5 {[%emt 0:04:10]} Kg5 {[%emt 0:00:43]} 53. Bc8 {[%emt 0:00:05]} Kh4 {[%emt 0:00:23]} 54. Bd7 {[%emt 0:00:15]} 1/2-1/2

[Event "Saint Louis Invitational-A 2019"]
[Site "Saint Louis"]
[Date "2019.11.22"]
[Round "2.2"]
[White "Boros, Denes"]
[Black "Kevlishvili, Robby"]
[Result "1/2-1/2"]
[WhiteElo "2448"]
[BlackElo "2475"]
[Annotator "TA"]
[PlyCount "108"]
[EventDate "2019.11.21"]
[EventType "tourn"]
[EventCountry "USA"]
[SourceTitle "playchess.com"]
[Source "ChessBase"]
[SourceQuality "1"]

{[%evp 18,108,0,-8,-1,-20,-14,-11,-11,-30,-4,-16,-10,-6,0,-8,3,-21,54,45,44,14,13,18,40,44,49,49,56,62,77,59,80,82,111,111,121,128,119,129,116,125,181,181,180,166,227,237,198,190,227,225,226,229,316,226,223,175,180,175,202,175,183,194,178,185,217,208,211,200,216,214,215,175,211,217,202,151,168,114,115,104,118,95,87,91,140,64,54,0,0,0,0]} 1. Nf3 d5 2. b3 Bf5 3. Bb2 e6 4. g3 Nf6 5. Bg2 Be7 6. O-O O-O 7. c4 c6 8. a3 Nbd7 9. d3 h6 10. Nbd2 Bh7 {A12: English Opening: 1...c6 with b3 by White} (10... a5 11. Qb1 Bh7 12. b4 axb4 13. axb4 Qb6 14. Bc3 Rxa1 15. Qxa1 Bxb4 16. Bxb4 Qxb4 17. Rb1 Qd6 18. Rxb7 e5 {1-0 (33) Rapport,R (2702)-Carlsen,M (2840) Wijk aan Zee 2017}) 11. Ra2 Bd6 12. Re1 $146 ({Predecessor:} 12. Qa1 Qe7 13. e4 dxe4 14. Nxe4 Nxe4 15. dxe4 e5 16. Nh4 f6 17. Bc3 Nc5 18. Qb1 {½-½ (43) D'Amore,C (2305)-Dlugy,M (2450) Belfort 1983}) 12... a5 13. Qa1 Qe7 14. Ne5 Nxe5 15. Bxe5 Bxe5 16. Qxe5 Nd7 17. Qc7 Ra7 (17... Rfc8 $1 $11 18. Qf4 (18. Qxb7 $2 Qd8 $19) 18... e5) 18. cxd5 $14 cxd5 19. e4 dxe4 20. Nxe4 Qd8 21. Rc1 Nb6 22. Nd6 Qxc7 23. Rxc7 Bxd3 24. Rd2 Ba6 25. Bh3 Rd8 26. Rxf7 Nd5 27. Rd7 {[%mdl 64] Decoy} Rxd7 28. Bxe6+ {[%mdl 64] Double Attack} Kf8 29. Bxd7 Nf6 (29... b6 $16 {might work better.}) 30. Nc8 $18 Ra8 31. Be6 {Threatens to win with Rd8+.} Ke8 {[#]} (31... g5 $142 32. Nb6 Re8) 32. Bf5 $1 {[%cal Rf5g6] Threatening mate with Bg6+.} g5 33. f3 b5 34. Nd6+ Kf8 35. Ne4 Ne8 36. Kf2 b4 37. axb4 axb4 38. Ke3 Bb7 39. Nc5 Bc6 40. Ne6+ Ke7 41. Nd4 Bd5 42. Be4 Bxe4 43. fxe4 {[%mdl 4096] Endgame KRN-KRN} Ra1 44. Kd3 Rc1 45. Nc2 Nf6 46. Nxb4 Ng4 47. Ra2 Rh1 48. Nc6+ (48. Nd5+ $18 Ke6 49. Ne3 Ne5+ 50. Kc3) 48... Kd6 $16 49. Nd4 Rd1+ 50. Kc3 {h3 is the strong threat.} Ke5 51. Nc6+ Kxe4 {[#]} 52. Re2+ ({Better is} 52. Ra4+ $1 $16 Ke3 53. Rxg4 Rc1+ 54. Kb2 Rxc6 55. b4) 52... Kf3 $14 53. Rb2 (53. Rc2 $14) 53... Rc1+ $11 54. Rc2 Rxc2+ {Accuracy: White = 75%, Black = 48%.} 1/2-1/2

[Event "Saint Louis Invitational-A 2019"]
[Site "Saint Louis"]
[Date "2019.11.22"]
[Round "2.3"]
[White "Abrahamyan, Tatev"]
[Black "Stremavicius, Titas"]
[Result "0-1"]
[WhiteElo "2397"]
[BlackElo "2506"]
[Annotator "TA"]
[PlyCount "132"]
[EventDate "2019.11.21"]
[EventType "tourn"]
[EventCountry "USA"]
[SourceTitle "playchess.com"]
[Source "ChessBase"]
[SourceQuality "1"]

{[%evp 11,132,11,52,43,61,49,66,72,70,54,55,56,54,49,66,50,53,48,58,60,101,104,181,189,328,338,341,340,334,346,321,219,223,226,446,447,447,439,432,410,333,41,150,151,144,142,152,152,141,155,164,50,56,56,56,45,25,0,0,0,0,0,0,0,-10,0,0,-128,-89,-110,-116,-151,-150,-158,-152,-145,-136,-136,-73,-98,-103,-170,-167,-161,-170,-162,-168,-166,-166,-152,-152,-174,-168,-170,-170,-162,-148,-256,-235,-452,-454,-415,-276,-276,-272,-727,-719,-29983,-29984,-5531,-310,-294,-282,-390,-390,-389,-391,-594,-449,-29995,-29996,-29997,-29998]} 1. e4 c5 2. Nf3 Nc6 3. d4 cxd4 4. Nxd4 Nf6 5. Nc3 d6 6. Bc4 Na5 7. Bb5+ {B57: Classical Sicilian: Sozin with 6...Qb6} Bd7 8. Bg5 (8. Nd5 Nxe4 9. Qe2 Nf6 10. Nf5 e6 11. Bg5 a6 12. Bd3 Nc6 13. O-O-O Ne5 14. f4 Nxd3+ 15. Qxd3 exf5 {0-1 (35) David,A (2587)-Navara,D (2654) France 2009}) 8... Nc6 $146 ({Predecessor:} 8... Bxb5 9. Ndxb5 a6 10. Bxf6 gxf6 11. Nd4 Rc8 12. O-O Nc4 13. Qh5 Qb6 14. Ne6 Qxb2 {0-1 (40) Yilmaz,M (2475)-Rombaldoni,D (2469) Rijeka 2009}) 9. Bxf6 {White is slightly better.} gxf6 10. Nf5 a6 11. Be2 Qa5 12. O-O Bxf5 13. exf5 Qxf5 14. Nd5 {Strongly threatening Bg4.} Rb8 15. Bg4 $36 {[%mdl 3072] White has compensation. White is pushing.} Qg6 16. Bh5 Qg7 (16... Qf5 $16) 17. Re1 $18 Kd8 (17... f5 $142) 18. c4 e6 19. Qb3 $1 {[%cal Rb3b6] Intending Qb6+ and mate.} b6 {[#]} (19... exd5 20. Qb6+ Kd7 21. cxd5 $18) 20. Qa4 $1 {[%mdl 512]} Ne5 ({But not} 20... Rg8 21. g3) 21. Qxa6 exd5 22. cxd5 Qg5 $2 {[#]} (22... Rg8 23. g3 Qg5) 23. Qa7 $1 {[%csl LRb8,LRf7][%mdl 576] Double Attack} Rc8 24. Qxb6+ Ke7 25. Qb7+ Kd8 26. Be2 $2 (26. Bxf7 $18 Qf4 27. Be6) 26... Bh6 (26... Rg8 $14 27. Qb6+ Ke7 28. Qa7+ Kd8 29. Qb6+ Ke7 30. Qa7+ Kd8 31. Qb6+) 27. Ba6 $16 Qf5 28. Qxc8+ Qxc8 29. Bxc8 Kxc8 30. Re4 $1 Kd7 31. f4 ({White should try} 31. a4 $18) 31... Nd3 $14 32. g3 f5 33. Re3 Nc5 $1 34. b4 Bg7 35. Rd1 Ne4 36. Ra3 {Black must now prevent Ra7+.} Rc8 37. b5 Nc3 38. Ra7+ Ke8 39. Rd3 (39. Re1+ $11 {keeps the balance.} Kf8 40. Rd7) 39... Nxb5 $17 40. Rb7 Nc3 $1 41. Re3+ Ne4 $1 {Hoping for ...Bd4.} 42. Re2 h5 43. a4 Rc1+ $1 44. Kg2 Bd4 (44... Ra1 $142 45. Kh3 Bd4) 45. Rb4 Bc5 $1 {[%cal Rc5b4]} 46. Rb8+ (46. Rbb2 $17) 46... Ke7 $1 $19 47. Rh8 Kf6 48. Rh6+ Kg7 49. Rxh5 Rg1+ 50. Kf3 Kg6 $1 {[%cal Rg6h5]} 51. Rh8 {[#]} Ra1 $1 52. Rg8+ Kh7 53. Ra8 Nc3 54. Re7 (54. Rd2 $17 {was called for.}) 54... Kg7 55. a5 $2 {[#]} (55. Rc8) 55... Ra2 $1 {[%csl Gc5][%cal Ra2f2][%mdl 512]} 56. g4 Rf2+ 57. Kg3 Ne2+ 58. Kh4 $2 (58. Rxe2 Rxe2 59. h3) 58... Nxf4 {Threatens to win with ...Ng6+.} 59. Ree8 Ng6+ 60. Kh5 fxg4 $2 (60... Kf6 {[%cal Rf2h2]} 61. h4 {[#]} Rh2 $1 {[%mdl 512]} 62. g5+ Kg7 63. Rg8+ Kh7 64. Rh8+ Nxh8 65. g6+ Nxg6) 61. Kxg4 Rxh2 62. a6 Kf6 63. Kg3 Ra2 64. Reb8 (64. Rac8 $142 Ra3+ 65. Kh2 Rxa6 66. Ra8 Rxa8 67. Rxa8) 64... Ra3+ 65. Kg4 (65. Kh2 $19) 65... Bf2 66. Rb2 Ne5+ {Accuracy: White = 56%, Black = 70%.} 0-1